000 00753nas a2200253 4500
001 BR0900279
003 BR-BrBNA
005 20231205113023.0
007 ta
008 230509b bl.|||p| |||| 00| 00por d
040 _aBR-BrBNA
_bpor
_cBiblioteca Nacional de Agricultura
041 _a(Pt)
072 _aA50
100 1 _aNolla, A.
100 1 _aSchlindwein, J.A.
100 1 _aAmaral, S. do
100 1 _aAnghinoni, I.
245 1 _aIndicadores para a tomada de decisão de calagem no sistema.
650 _aPLANTIO DIRETO
650 _aCALAGEM
773 0 _tRevista Brasileira de Agrociência (Brazil)
_xISSN 0104-8996
_g(Oct-Dec 2005), v. 11(4) p. 471-476
_wBR0900279
909 _a202311
_bLúcia
_c55
_dLúcia Elande
942 _2AGRIS
_n0
_cANA
999 _c201375
_d201375